Women talk more than men and other myths about language explained (Record no. 168817)
[ view plain ]
| 000 -LEADER | |
|---|---|
| fixed length control field | 00649nam a2200217Ia 4500 |
| 003 - CONTROL NUMBER IDENTIFIER | |
| control field | OSt |
| 005 - DATE AND TIME OF LATEST TRANSACTION | |
| control field | 20230324134032.0 |
| 008 - FIXED-LENGTH DATA ELEMENTS--GENERAL INFORMATION | |
| fixed length control field | 210423s2016 xx 000 0 und d |
| 020 ## - INTERNATIONAL STANDARD BOOK NUMBER | |
| International Standard Book Number | 978-1-107-44690-8 |
| 040 ## - CATALOGING SOURCE | |
| Transcribing agency | AL |
| 041 ## - LANGUAGE CODE | |
| Language code of text/sound track or separate title | eng |
| 082 ## - DEWEY DECIMAL CLASSIFICATION NUMBER | |
| Classification number | 401.9 |
| Edition number | 23 |
| Item number | KAPW |
| 100 ## - MAIN ENTRY--PERSONAL NAME | |
| Personal name | KAPLAN (Abby) |
| 9 (RLIN) | 77480 |
| 245 ## - TITLE STATEMENT | |
| Title | Women talk more than men and other myths about language explained |
| 260 ## - PUBLICATION, DISTRIBUTION, ETC. | |
| Place of publication, distribution, etc. | UK |
| Name of publisher, distributor, etc. | Cambridge University Press |
| Date of publication, distribution, etc. | 2016 |
| 300 ## - PHYSICAL DESCRIPTION | |
| Extent | xvi,293 |
| Other physical details | PB |
| 365 ## - TRADE PRICE | |
| Price amount | 1378.34 |
| Currency code | GBP |
| 650 ## - SUBJECT ADDED ENTRY--TOPICAL TERM | |
| Topical term or geographic name entry element | Language |
| 9 (RLIN) | 77481 |
| 906 ## - LOCAL DATA ELEMENT F, LDF (RLIN) | |
| a | about ; explained ; language ; men ; men: ; more ; myths ; other ; talk ; than ; Women |
| 942 ## - ADDED ENTRY ELEMENTS (KOHA) | |
| Source of classification or shelving scheme | Dewey Decimal Classification |
| Koha item type | Book |
| Withdrawn status | Lost status | Damaged status | Not for loan | Collection code | Home library | Current library | Date acquired | Source of acquisition | Cost, normal purchase price | Total Checkouts | Full call number | Barcode | Date last seen | Price effective from | Koha item type |
|---|---|---|---|---|---|---|---|---|---|---|---|---|---|---|---|
| MA English | St Aloysius PG Library | St Aloysius PG Library | 10/11/2017 | Intact Bookhouse | 1378.34 | 401.9 KAPW | PG015319 | 08/24/2022 | 04/26/2021 | Book |